| 000 | 00396nam a2200145Ia 4500 | ||
|---|---|---|---|
| 008 | 230312s9999||||xx |||||||||||||| ||und|| | ||
| 082 |
_a808.066 _bMUR-W |
||
| 100 | _aMurray Rowena | ||
| 245 | 0 | _aWriting for Academic Journals | |
| 260 |
_bOpen University Press _aNew York _c2005 |
||
| 300 | _a223 | ||
| 546 | _aEng. | ||
| 650 |
_aMass com _vWhat is academic writing ? Research Profile |
||
| 942 | _cBK | ||
| 999 |
_c220 _d220 |
||